000
00352nam a2200157Ia 4500
100
_a
Martin / John C
250
_a
2
942
_c
BK
654
_a
Mathematics
245
_a
Int to Languages & Theory of Compulations
260
_b
Tata Mc Graw hill
_a
Mumbai
_c
1997
082
_a
511.3
_b
MAR
300
_a
450
546
_a
ENGLISH
999
_c
30769
_d
30769